000 00892cam a2200265 4500
005 20191224041732.0
008 720515s1972 nyua b 000 0 eng
020 _a0393052753
040 _aDLC
_cDLC
_dDLC
_dCO-BoIAVH
041 0 _aeng
044 _axxu
082 0 0 _a333.9
_bE19e
245 0 0 _aEconomics of the environment :
_bselected readings.
_cEdited by Robert Dorfman and Nancy S. Dorfman.
250 _aPrimera edición
260 _aNew York,
_bNorton,
_cc1972.
300 _axl, 426 páginas :
_bIlustraciones ;
_c24 x 16 cm.
504 _aIncluye referencias bibliográficas páginas 423-426.
650 0 _aPollution
_xEconomic aspects.
650 0 _aEnvironmental policy.
650 1 6 _aPolítica ambiental
650 2 6 _aPolución
700 1 _aDorfman, Nancy S.,
_eEditor
700 1 _aDorfman, Robert
_eEditor
942 _2ddc
_cLIBRO
999 _c4300
_d4300